Statistiques concernant Tables de multiplication aléatoires (Difficile)

Cliquez ici pour prendre le quiz!

Statistiques générales

  • Ce quiz a été pris 211 fois
  • Le résultat moyen est 19 sur 20

Statistiques - réponses

HintRéponse% Correct
3 x 412
100%
4 x 312
100%
3 x 515
100%
5 x 315
100%
4 x 416
100%
6 x 318
100%
4 x 520
100%
5 x 420
100%
6 x 424
100%
3 x 824
100%
4 x 624
100%
5 x 525
100%
9 x 327
100%
7 x 428
100%
5 x 630
100%
8 x 432
100%
11 x 333
100%
3 x 1133
100%
5 x 735
100%
6 x 636
100%
9 x 436
100%
4 x 936
100%
5 x 840
100%
6 x 742
100%
7 x 642
100%
4 x 1144
100%
9 x 545
100%
5 x 945
100%
6 x 848
100%
7 x 749
100%
5 x 1155
100%
7 x 963
100%
8 x 864
100%
11 x 666
100%
8 x 972
100%
9 x 872
100%
11 x 777
100%
7 x 1177
100%
9 x 981
100%
12 x 784
100%
8 x 1188
100%
3 x 39
100%
9 x 1199
100%
11 x 11121
95%
3 x 721
95%
8 x 324
95%
3 x 927
95%
11 x 555
95%
6 x 1166
95%
11 x 999
95%
3 x 618
94%
7 x 321
94%
4 x 728
94%
4 x 832
94%
7 x 535
94%
3 x 1236
94%
8 x 540
94%
7 x 1284
94%
11 x 888
94%
12 x 9108
93%
6 x 530
93%
6 x 954
93%
9 x 654
92%
8 x 756
92%
6 x 1272
91%
11 x 444
90%
8 x 648
89%
4 x 1248
89%
7 x 856
89%
12 x 448
88%
9 x 763
88%
12 x 672
88%
11 x 12132
87%
12 x 336
87%
12 x 560
87%
12 x 896
87%
8 x 1296
82%
9 x 12108
80%
5 x 1260
78%
12 x 11132
76%
12 x 12144
56%

Distribution des résultats

Percentile par nombre de réponses

% des personnes avec chaque résultat

Votre développement - résultats

Vous n’avez pas pris ce quiz